[Event "Galicia-ch U18 2021"]
[Site "Padron"]
[Date "2021.04.03"]
[Round "6.2"]
[White "Gonzalez Taboada, Lorenzo"]
[Black "Buitron Ramil, David"]
[Result "1/2-1/2"]
[WhiteElo "1609"]
[BlackElo "1934"]
[Annotator "NA"]
[PlyCount "78"]
[EventDate "2021.04.02"]
[EventType "swiss"]
[EventCountry "ESP"]
[SourceTitle "playchess.com"]
[Source "ChessBase"]
[SourceQuality "1"]
[TimeControl "5400+30"]

1. d4 {[%emt 0:00:00]} Nf6 {[%emt 0:03:28]} 2. Nf3 {[%emt 0:00:00]} g6 {[%emt 0:00:15]} 3. e3 {[%emt 0:00:55]} Bg7 {[%emt 0:00:07]} 4. b3 {[%emt 0:00:29]} O-O {[%emt 0:00:30]} 5. Bb2 {[%emt 0:00:08]} d6 {[%emt 0:00:18]} 6. Bd3 {[%emt 0:01:00]} Nfd7 {[%emt 0:00:55]} 7. O-O {[%emt 0:02:59]} e5 {[%emt 0:00:48]} 8. dxe5 {[%emt 0:01:18]} dxe5 {[%emt 0:00:04]} 9. e4 {[%emt 0:01:28]} c6 {[%emt 0:01:12]} 10. Qe2 {[%emt 0:01:41]} Qc7 {[%emt 0:00:34]} 11. Nbd2 {[%emt 0:02:12]} h6 {[%emt 0:04:06]} 12. a4 {[%emt 0:04:27]} Nc5 {[%emt 0:04:45]} 13. Bc4 {[%emt 0:07:31]} Ne6 {[%emt 0:04:34]} 14. Bxe6 {[%emt 0:01:37]} Bxe6 {[%emt 0:00:03]} 15. Nc4 {[%emt 0:01:10]} Nd7 {[%emt 0:01:00]} 16. Ba3 {[%emt 0:00:27]} Rfd8 {[%emt 0:00:58]} 17. Rad1 {[%emt 0:00:56]} Nb6 {[%emt 0:02:43]} 18. Nxb6 {[%emt 0:01:37]} Qxb6 {[%emt 0:01:10]} 19. Rxd8+ {[%emt 0:02:00]} Rxd8 {[%emt 0:00:02]} 20. Rd1 {[%emt 0:00:19]} f5 {[%emt 0:04:17]} 21. Rxd8+ {[%emt 0:03:12]} Qxd8 {[%emt 0:00:02]} 22. Qd2 {[%emt 0:00:16]} Qxd2 {[%emt 0:03:35]} 23. Nxd2 {[%emt 0:00:02]} fxe4 {[%emt 0:00:13]} 24. Nxe4 {[%emt 0:00:17]} Bf5 {[%emt 0:00:01]} 25. f3 {[%emt 0:00:28]} Bf8 {[%emt 0:03:53]} 26. Bb2 {[%emt 0:01:24]} Bg7 {[%emt 0:00:22]} 27. Ba3 {[%emt 0:00:14]} Kf7 {[%emt 0:03:44]} 28. Kf2 {[%emt 0:00:36]} Ke6 {[%emt 0:00:43]} 29. Ke3 {[%emt 0:00:31]} b6 {[%emt 0:00:29]} 30. g4 {[%emt 0:03:18]} Bxe4 {[%emt 0:00:25]} 31. Kxe4 {[%emt 0:00:27]} Bf6 {[%emt 0:00:19]} 32. Bb2 {[%emt 0:00:19]} b5 {[%emt 0:00:31]} 33. axb5 {[%emt 0:05:32]} cxb5 {[%emt 0:01:44]} 34. Bc3 {[%emt 0:00:46]} a6 {[%emt 0:02:14]} 35. h3 {[%emt 0:00:30]} g5 {[%emt 0:01:01]} 36. Bb4 {[%emt 0:02:33]} Bd8 {[%emt 0:02:23]} 37. Bc3 {[%emt 0:03:00]} Bc7 {[%emt 0:02:52]} 38. b4 {[%emt 0:00:43]} Bd6 {[%emt 0:00:08]} 39. Bd2 {[%emt 0:00:13]} Be7 {[%emt 0:01:33]} 1/2-1/2

[Event "Galicia-ch U18 2021"]
[Site "Padron"]
[Date "2021.04.03"]
[Round "6.3"]
[White "Sanroman Costas, Mauro"]
[Black "Ferreno Sanmartin, Angel"]
[Result "0-1"]
[WhiteElo "1784"]
[BlackElo "2152"]
[Annotator "ChessBase"]
[PlyCount "97"]
[EventDate "2021.04.02"]
[EventType "swiss"]
[EventCountry "ESP"]
[SourceTitle "playchess.com"]
[Source "ChessBase"]
[SourceQuality "1"]
[TimeControl "5400+30"]

1. e4 {[%emt 0:00:00]} c5 {[%emt 0:00:00]} 2. Nf3 {[%emt 0:00:00]} d6 {[%emt 0:00:00]} 3. d4 {[%emt 0:00:00]} cxd4 {[%emt 0:00:00]} 4. Nxd4 {[%emt 0:00:00]} Nf6 {[%emt 0:00:00]} 5. Nc3 {[%emt 0:00:03]} a6 {[%emt 0:00:03]} 6. f4 {[%emt 0:00:10]} e5 {[%emt 0:00:28]} 7. Nf3 {[%emt 0:00:08]} Nbd7 {[%emt 0:00:09]} 8. Bd3 {[%emt 0:00:18]} b5 {[%emt 0:00:58]} 9. a3 {[%emt 0:00:03]} Be7 {[%emt 0:00:27]} 10. O-O {[%emt 0:00:02]} O-O {[%emt 0:00:20]} 11. Kh1 {[%emt 0:00:31]} Bb7 {[%emt 0:03:10]} 12. h3 {[%emt 0:01:34]} Nh5 {[%emt 0:04:07]} 13. Kh2 {[%emt 0:02:39]} Nxf4 {[%emt 0:00:26]} 14. Bxf4 {[%emt 0:00:50]} exf4 {[%emt 0:00:07]} 15. Nd4 {[%emt 0:01:11]} Bf6 {[%emt 0:01:51]} 16. Nf5 {[%emt 0:02:19]} Be5 {[%emt 0:01:11]} 17. Qe1 {[%emt 0:05:51]} Qg5 {[%emt 0:02:24]} 18. Qh4 {[%emt 0:05:07]} Qxh4 {[%emt 0:00:56]} 19. Nxh4 {[%emt 0:00:12]} Rac8 {[%emt 0:01:44]} 20. a4 {[%emt 0:06:04]} Bxc3 {[%emt 0:02:54]} 21. bxc3 {[%emt 0:00:47]} bxa4 {[%emt 0:01:21]} 22. c4 {[%emt 0:01:11]} Nc5 {[%emt 0:01:37]} 23. Nf5 {[%emt 0:00:29]} Rcd8 {[%emt 0:00:56]} 24. Ne7+ {[%emt 0:01:34]} Kh8 {[%emt 0:00:11]} 25. Nd5 {[%emt 0:00:07]} Bxd5 {[%emt 0:00:43]} 26. exd5 {[%emt 0:00:33]} g5 {[%emt 0:00:45]} 27. g3 {[%emt 0:03:19]} fxg3+ {[%emt 0:00:17]} 28. Kxg3 {[%emt 0:00:12]} Kg7 {[%emt 0:00:35]} 29. Kg4 {[%emt 0:01:33]} h6 {[%emt 0:02:25]} 30. Rf5 {[%emt 0:03:18]} Rde8 {[%emt 0:01:12]} 31. Rf2 {[%emt 0:03:30]} Re3 {[%emt 0:02:33]} 32. Rf3 {[%emt 0:05:27]} h5+ {[%emt 0:02:39]} 33. Kg3 {[%emt 0:00:27]} h4+ {[%emt 0:00:30]} 34. Kf2 {[%emt 0:00:54]} Rxf3+ {[%emt 0:00:10]} 35. Kxf3 {[%emt 0:00:01]} f5 {[%emt 0:00:21]} 36. Re1 {[%emt 0:01:30]} Kf6 {[%emt 0:00:50]} 37. Rg1 {[%emt 0:01:54]} Rb8 {[%emt 0:01:21]} 38. Ra1 {[%emt 0:01:16]} Ke5 {[%emt 0:03:07]} 39. Ke3 {[%emt 0:01:11]} f4+ {[%emt 0:01:23]} 40. Kf3 {[%emt 0:00:02]} Kd4 {[%emt 0:00:18]} 41. Ra3 {[%emt 0:00:51]} Re8 {[%emt 0:03:42]} 42. Kg4 {[%emt 0:02:43]} Re5 {[%emt 0:01:45]} 43. Bf1 {[%emt 0:02:16]} Re3 {[%emt 0:01:00]} 44. Bd3 {[%emt 0:00:01]} Rg3+ {[%emt 0:01:08]} 45. Kf5 {[%emt 0:00:21]} f3 {[%emt 0:00:40]} 46. Ra1 {[%emt 0:00:08]} f2 {[%emt 0:01:46]} 47. Bf1 {[%emt 0:00:45]} Re3 {[%emt 0:01:19]} 48. Rc1 Re1 49. c3+ 0-1

[Event "Galicia-ch U18 2021"]
[Site "Padron"]
[Date "2021.04.03"]
[Round "6.4"]
[White "Martinez Montes, Juan Manuel"]
[Black "Bringas Gomez, Artai"]
[Result "1/2-1/2"]
[WhiteElo "1873"]
[BlackElo "2120"]
[Annotator "ChessBase"]
[PlyCount "42"]
[EventDate "2021.04.02"]
[EventType "swiss"]
[EventCountry "ESP"]
[SourceTitle "playchess.com"]
[Source "ChessBase"]
[SourceQuality "1"]
[TimeControl "5400+30"]

1. e4 {[%emt 0:00:25]} Nf6 {[%emt 0:01:45]} 2. Nc3 {[%emt 0:00:09]} d6 {[%emt 0:00:09]} 3. d4 {[%emt 0:00:15]} e5 {[%emt 0:00:09]} 4. Nge2 {[%emt 0:00:42]} Nbd7 {[%emt 0:00:06]} 5. f3 {[%emt 0:01:11]} Be7 {[%emt 0:00:09]} 6. Be3 {[%emt 0:00:18]} c6 {[%emt 0:00:09]} 7. Qd2 {[%emt 0:01:13]} O-O {[%emt 0:00:16]} 8. g4 {[%emt 0:01:20]} Qa5 {[%emt 0:04:11]} 9. h4 {[%emt 0:06:47]} b5 {[%emt 0:02:08]} 10. Ng3 {[%emt 0:01:04]} exd4 {[%emt 0:00:57]} 11. Bxd4 {[%emt 0:00:29]} Ne5 {[%emt 0:00:05]} 12. Bxe5 {[%emt 0:02:03]} dxe5 {[%emt 0:00:12]} 13. g5 {[%emt 0:01:57]} Nd7 {[%emt 0:05:41]} 14. Nf5 {[%emt 0:05:52]} Bb4 {[%emt 0:01:12]} 15. a3 {[%emt 0:00:35]} Nc5 {[%emt 0:01:46]} 16. Ne7+ {[%emt 0:00:35]} Kh8 {[%emt 0:00:05]} 17. Nxc6 {[%emt 0:00:19]} Bxc3 {[%emt 0:00:10]} 18. Qxc3 {[%emt 0:00:45]} Qxc3+ {[%emt 0:02:01]} 19. bxc3 {[%emt 0:00:10]} Re8 {[%emt 0:03:29]} 20. Nb4 {[%emt 0:02:07]} Bd7 {[%emt 0:00:25]} 21. c4 {[%emt 0:00:54]} a6 {[%emt 0:00:33]} 1/2-1/2

[Event "Galicia-ch U18 2021"]
[Site "Padron"]
[Date "2021.04.03"]
[Round "6.5"]
[White "Alvarez Pampillon, Antonio"]
[Black "Rey Figueira, Brais"]
[Result "1-0"]
[WhiteElo "1860"]
[BlackElo "1362"]
[Annotator "NA"]
[PlyCount "91"]
[EventDate "2021.04.02"]
[EventType "swiss"]
[EventCountry "ESP"]
[SourceTitle "playchess.com"]
[Source "ChessBase"]
[SourceQuality "1"]
[TimeControl "5400+30"]

1. d4 {[%emt 0:00:00]} d5 {[%emt 0:16:15]} 2. g3 {[%emt 0:00:00]} e6 {[%emt 0:01:11]} 3. Bg2 {[%emt 0:00:00]} c5 {[%emt 0:03:20]} 4. Nf3 {[%emt 0:00:25]} Nc6 {[%emt 0:01:12]} 5. O-O {[%emt 0:00:17]} Qb6 {[%emt 0:00:28]} 6. c4 {[%emt 0:24:07]} Nf6 {[%emt 0:07:02]} 7. cxd5 {[%emt 0:01:57]} Nxd5 {[%emt 0:01:29]} 8. e4 {[%emt 0:00:37]} Nf6 {[%emt 0:00:48]} 9. d5 {[%emt 0:00:23]} Na5 {[%emt 0:10:03]} 10. Bd2 {[%emt 0:09:50]} Bd7 {[%emt 0:09:00]} 11. Ne5 {[%emt 0:25:04]} Bb5 {[%emt 0:14:59]} 12. Na3 {[%emt 0:03:40]} Be7 {[%emt 0:07:36]} 13. Nxb5 {[%emt 0:25:54]} Qxb5 {[%emt 0:00:51]} 14. Bxa5 {[%emt 0:00:22]} Qxa5 {[%emt 0:00:20]} 15. dxe6 {[%emt 0:00:02]} fxe6 {[%emt 0:00:56]} 16. Qb3 {[%emt 0:04:15]} Qa6 {[%emt 0:03:08]} 17. Nc4 {[%emt 0:00:52]} Rd8 {[%emt 0:02:07]} 18. Rad1 {[%emt 0:00:28]} O-O {[%emt 0:01:14]} 19. Ne3 {[%emt 0:00:25]} Kh8 {[%emt 0:01:15]} 20. e5 {[%emt 0:00:33]} Nd7 {[%emt 0:02:31]} 21. Bxb7 {[%emt 0:00:04]} Qb6 {[%emt 0:10:04]} 22. Qxb6 {[%emt 0:00:05]} Nxb6 {[%emt 0:00:10]} 23. b3 {[%emt 0:01:32]} Rb8 {[%emt 0:01:40]} 24. Be4 {[%emt 0:00:15]} Rfc8 {[%emt 0:02:25]} 25. Bd3 {[%emt 0:00:11]} Rd8 {[%emt 0:01:36]} 26. Bc4 {[%emt 0:00:08]} Nxc4 {[%emt 0:00:31]} 27. Nxc4 {[%emt 0:00:01]} Rd4 {[%emt 0:00:47]} 28. Rd2 {[%emt 0:01:48]} Rbd8 {[%emt 0:00:24]} 29. Rfd1 {[%emt 0:00:01]} Kg8 {[%emt 0:00:35]} 30. Kg2 {[%emt 0:00:44]} Kf7 {[%emt 0:00:28]} 31. Kf3 {[%emt 0:00:35]} Kg6 {[%emt 0:00:34]} 32. Rxd4 {[%emt 0:00:32]} cxd4 {[%emt 0:00:29]} 33. Ke4 {[%emt 0:00:01]} Bc5 {[%emt 0:00:22]} 34. f4 {[%emt 0:00:49]} Rd5 {[%emt 0:00:38]} 35. f5+ {[%emt 0:00:33]} Kf7 {[%emt 0:00:16]} 36. g4 {[%emt 0:00:39]} Rd8 {[%emt 0:00:44]} 37. Na5 {[%emt 0:00:40]} Rd7 {[%emt 0:00:31]} 38. Nc6 {[%emt 0:00:23]} Bb6 {[%emt 0:00:30]} 39. Nxd4 {[%emt 0:00:13]} exf5+ {[%emt 0:00:29]} 40. gxf5 {[%emt 0:00:03]} Ke7 {[%emt 0:00:31]} 41. Nc6+ {[%emt 0:00:03]} Ke8 {[%emt 0:00:26]} 42. Rxd7 {[%emt 0:00:01]} Kxd7 {[%emt 0:00:01]} 43. Nb4 {[%emt 0:00:13]} Bg1 {[%emt 0:01:02]} 44. h3 {[%emt 0:00:15]} Bh2 {[%emt 0:00:30]} 45. Kd5 {[%emt 0:00:11]} Bg3 {[%emt 0:00:31]} 46. Nc6 {[%emt 0:00:22]} 1-0

[Event "Galicia-ch U18 2021"]
[Site "Padron"]
[Date "2021.04.03"]
[Round "6.6"]
[White "Diaz Gomez, Mateo"]
[Black "Rey Chimera, Luca"]
[Result "1-0"]
[WhiteElo "1776"]
[BlackElo "1639"]
[Annotator "NA"]
[PlyCount "57"]
[EventDate "2021.04.02"]
[EventType "swiss"]
[EventCountry "ESP"]
[SourceTitle "playchess.com"]
[Source "ChessBase"]
[SourceQuality "1"]
[TimeControl "5400+30"]

1. e4 {[%emt 0:00:00]} e6 {[%emt 0:00:00]} 2. d4 {[%emt 0:00:00]} d5 {[%emt 0:00:00]} 3. Nd2 {[%emt 0:00:00]} Nf6 {[%emt 0:00:09]} 4. e5 {[%emt 0:00:00]} Nfd7 {[%emt 0:00:06]} 5. Bd3 {[%emt 0:00:00]} c5 {[%emt 0:00:16]} 6. c3 {[%emt 0:00:24]} Nc6 {[%emt 0:00:16]} 7. Ne2 {[%emt 0:00:11]} cxd4 {[%emt 0:04:30]} 8. cxd4 {[%emt 0:00:23]} Qb6 {[%emt 0:10:15]} 9. Nf3 {[%emt 0:01:21]} f6 {[%emt 0:02:14]} 10. exf6 {[%emt 0:00:49]} Nxf6 {[%emt 0:00:19]} 11. O-O {[%emt 0:00:54]} Bd6 {[%emt 0:02:42]} 12. Bf4 {[%emt 0:01:00]} Bxf4 {[%emt 0:00:33]} 13. Nxf4 {[%emt 0:00:21]} O-O {[%emt 0:00:34]} 14. Qd2 {[%emt 0:00:29]} Ne4 {[%emt 0:05:23]} 15. Qe3 {[%emt 0:06:13]} g5 {[%emt 0:06:53]} 16. Nh5 {[%emt 0:03:24]} g4 {[%emt 0:02:31]} 17. Bxe4 {[%emt 0:02:54]} Qd8 {[%emt 0:07:41]} 18. Qh6 {[%emt 0:24:03]} Qe7 {[%emt 0:00:50]} 19. Rfe1 {[%emt 0:03:56]} gxf3 {[%emt 0:03:33]} 20. Bxd5 {[%emt 0:05:29]} Nxd4 {[%emt 0:02:08]} 21. Re4 {[%emt 0:16:21]} Nf5 {[%emt 0:00:32]} 22. Bxe6+ {[%emt 0:08:21]} Bxe6 {[%emt 0:00:16]} 23. Rxe6 {[%emt 0:00:23]} Nxh6 {[%emt 0:06:43]} 24. Rxe7 {[%emt 0:00:03]} Rac8 {[%emt 0:05:53]} 25. Rxb7 {[%emt 0:02:27]} Rc2 {[%emt 0:00:49]} 26. gxf3 {[%emt 0:02:19]} Rxf3 {[%emt 0:01:06]} 27. Rd1 {[%emt 0:01:12]} Nf7 {[%emt 0:02:54]} 28. Rb8+ {[%emt 0:00:27]} Nd8 {[%emt 0:00:52]} 29. Rdxd8+ {[%emt 0:00:35]} 1-0

[Event "Galicia-ch U18 2021"]
[Site "Padron"]
[Date "2021.04.04"]
[Round "7.1"]
[White "Ferreno Sanmartin, Angel"]
[Black "Perez Dapoza, Cesar"]
[Result "1-0"]
[WhiteElo "2152"]
[BlackElo "1885"]
[Annotator "TA"]
[PlyCount "77"]
[EventDate "2021.04.02"]
[EventType "swiss"]
[EventCountry "ESP"]
[SourceTitle "playchess.com"]
[Source "ChessBase"]
[SourceQuality "1"]

{[%evp 20,77,52,23,111,67,60,58,75,58,58,53,46,-13,12,16,149,144,115,131,141,114,108,89,106,84,191,84,104,101,105,83,297,289,305,270,285,300,271,208,411,408,391,388,422,382,366,158,152,155,152,154,157,154,149,148,172,173,181,178]} 1. e4 c5 2. Nf3 e6 3. d4 cxd4 4. Nxd4 a6 5. Bd3 Qc7 6. O-O Nf6 7. Qe2 d6 8. f4 Nbd7 9. c4 Be7 10. Nc3 O-O {The main line 10...0-0 scores better than 10...b6.} 11. Be3 b6 {B42: Sicilian: Kan Variation: 5 Bd3.} (11... Nc5 $11) 12. Rac1 Bb7 13. b4 Rac8 {White is slightly better.} 14. Kh1 Rfe8 15. Nb3 Qb8 16. Bg1 (16. a3 $14) 16... Qa8 17. a3 {[#]} d5 $146 (17... g6 $11) ({Predecessor:} 17... a5 18. Nd2 axb4 19. axb4 d5 20. e5 dxc4 21. Nxc4 Nd5 22. Nxd5 Bxd5 23. Ra1 Qb8 24. Ne3 Bxb4 25. Nxd5 exd5 26. Bf5 Rcd8 27. Qb5 {1-0 (27) Airapetian,T (2128)-Ambarcumova,K (2165) Kolontaevo 2005}) 18. cxd5 $16 exd5 19. e5 Ne4 20. Nxe4 dxe4 21. Bb1 Bd5 22. Nd2 f5 {[#]} (22... a5 $16) 23. exf6 (23. Nc4 $1 $18) 23... Rxc1 24. f7+ Kxf7 25. Rxc1 Nf6 $2 {[#] A mistake that costs the game.} (25... Kg8 $16) 26. Nc4 $1 $18 {[%cal Rc4b6]} ({Not} 26. Bxb6 Bd6 $16) 26... Kf8 27. Nxb6 Qb7 28. Nxd5 Qxd5 29. Rd1 ({Resist} 29. Qxa6 Bd6 $18) 29... Qh5 (29... Qb5 30. Qc2 Kg8 31. Ba2+ Kh8) 30. Qxh5 {[%mdl 64] Overworked Piece} Nxh5 31. Bxe4 Nxf4 32. Bb7 Ne2 33. Bxa6 (33. Rf1+ $18 {and White stays clearly on top.} Kg8 34. Bf2) 33... Nxg1 $16 {White is clearly better.} 34. Kxg1 $18 {KRB-KRB} Ra8 35. Rf1+ Ke8 36. Bb5+ Kd8 37. Rf3 Rb8 38. Bc6 Kc7 39. Be4 {Weighted Error Value: White=0.23/Black=0.53} 1-0

[Event "Galicia-ch U18 2021"]
[Site "Padron"]
[Date "2021.04.04"]
[Round "7.2"]
[White "Rodriguez Ferreiros, Andres"]
[Black "Buitron Ramil, David"]
[Result "1-0"]
[WhiteElo "2123"]
[BlackElo "1934"]
[Annotator "TA"]
[PlyCount "93"]
[EventDate "2021.04.02"]
[EventType "swiss"]
[EventCountry "ESP"]
[SourceTitle "playchess.com"]
[Source "ChessBase"]
[SourceQuality "1"]

{[%evp 17,93,50,90,31,104,35,33,23,28,17,18,13,26,11,16,10,24,24,72,82,227,214,233,242,214,172,214,148,253,267,268,160,216,83,112,69,89,82,94,73,67,75,55,58,92,0,206,206,209,117,261,265,406,410,970,673,2386,2350,1991,1498,558,57,91,96,85,65,68,80,80,77,29970,29970,29953,29946,29994,29995,29996,29997]} 1. e4 c5 2. Nf3 Nc6 3. d4 cxd4 4. Nxd4 g6 5. c4 Bg7 6. Be3 Nf6 7. Nc3 O-O 8. Be2 d6 9. O-O a5 10. h3 {B38: Sicilian: Maroczy Bind with 5...Bg7 and 7...0-0.} (10. Ndb5 $16) 10... Bd7 (10... Nxd4 $14 11. Bxd4 (11. Qxd4 Ng4 $11) 11... Bd7) 11. Qd2 (11. Ndb5 $16) 11... Nxd4 $14 12. Bxd4 {White is slightly better.} Bc6 {[#]} 13. Qe3 $146 ({Predecessor:} 13. Bf3 Nd7 14. Be2 Bxd4 15. Qxd4 Qb6 16. Qd2 Nc5 17. Qc2 Qb4 18. Rad1 a4 19. f4 {0-1 (55) Urban,J (1579)-Wolanski,M (1954) Poland 2016}) 13... Nd7 {And now ...e5 would win.} 14. Bxg7 Kxg7 15. Qd4+ Kg8 16. Rad1 a4 17. Bg4 f5 18. exf5 gxf5 {[#]} (18... h5 $16 {is a better defense.}) 19. Bxf5 $1 $18 {[%mdl 512] Black must now prevent Be6+.} e5 (19... Rf6 20. Nd5) 20. Be6+ $1 (20. Qxd6 Rxf5 21. Nd5 Rf7 $17) 20... Kh8 21. Qe3 Nf6 22. c5 Qe8 (22... Qe7 $16 {might work better.}) 23. Rxd6 Qg6 {[%csl Gc6][%cal Rg6g2]} 24. Nd5 ({White should play} 24. Bd5 $18) 24... Ne4 {[#]} (24... Rae8 $16) 25. Ne7 (25. Bf7 $1 $18 {[%mdl 512]} Qg5 26. Qxe4 Rxf7 27. Qe3 Qxe3 28. Nxe3 (28. fxe3 Rxf1+ 29. Kxf1 Ra5 $16)) 25... Qf6 $16 26. Nxc6 Nxd6 27. Nxe5 {Strongly threatening Ng4.} ({But not} 27. cxd6 bxc6 28. Bg4 Qxd6 $11) ({Not} 27. Qxe5 $2 Nb5 $19) 27... Qxe6 28. cxd6 (28. Qd4 {seems wilder.} Nf5 29. Ng6+ Kg8 30. Qh8+ Kf7 31. Nxf8 Rxf8 32. Qxh7+ Ng7 33. Rd1) 28... Qxd6 29. Qc3 {Hoping for Nf7+.} Qf6 30. f4 Rae8 31. Rd1 (31. Rf2 $1 $16) 31... Re7 $2 {[#]} (31... Rc8 $1 $11 {and Black is okay.} 32. Qd4 Rc2) 32. Rd6 $3 $18 {[%cal Rd6f6][%mdl 512]} Qg7 {[#]} 33. Qd4 (33. Rh6 $3 $18 {[%mdl 512]}) 33... Rg8 (33... Kg8 $16 {was called for.} 34. Kh2 b5) 34. g4 Rc7 (34... Rf8 $142 35. Qxa4 Ree8) 35. g5 Rc1+ (35... b6 $142 36. Rxb6 Re8) 36. Kh2 {[%cal Re5f7]} Rc2+ 37. Kg3 {[%cal Re5f7]} Rc7 38. h4 {h5 would kill now.} Re7 39. h5 $2 $40 {[%mdl 128] Black needs to defend precisely.} ({White should try} 39. Rd8 $18) 39... Rxe5 $1 $14 40. Qxe5 Qxe5 41. fxe5 Rxg5+ {[%mdl 4096] Endgame KR-KR} 42. Kf4 Rxh5 43. Rd7 {Threatens to win with e6.} b5 $2 {[%mdl 8192]} (43... Kg8 $16) 44. e6 {White mates.} Rh4+ 45. Kf5 Rh5+ 46. Kf6 {[%cal Rd7d8]} Rh6+ 47. Kf7 {[%cal Rd7d8] Weighted Error Value: White=0.50/Black=0.60} 1-0

[Event "Galicia-ch U18 2021"]
[Site "Padron"]
[Date "2021.04.04"]
[Round "7.3"]
[White "Bringas Gomez, Artai"]
[Black "Gonzalez Taboada, Lorenzo"]
[Result "1-0"]
[WhiteElo "2120"]
[BlackElo "1609"]
[Annotator "TA"]
[PlyCount "93"]
[EventDate "2021.04.02"]
[EventType "swiss"]
[EventCountry "ESP"]
[SourceTitle "playchess.com"]
[Source "ChessBase"]
[SourceQuality "1"]

{[%evp 9,92,29,84,58,73,33,43,53,47,54,63,46,83,78,83,18,17,17,16,17,34,33,33,45,47,6,16,7,73,49,60,26,60,64,100,71,114,94,93,91,118,112,121,120,119,129,143,125,123,117,131,125,123,120,127,113,131,131,131,87,91,84,219,219,339,300,373,339,462,423,542,514,600,599,592,289,262,273,318,318,29981,29979,29998,29999,29999]} 1. d4 Nf6 2. Bg5 Ne4 3. Bf4 c5 4. f3 Nf6 5. dxc5 Qa5+ (5... e5 $11 {keeps the balance.} 6. Bxe5 Bxc5) 6. Nc3 {A45: Trompowsky Attack.} Nc6 7. e4 e5 8. Bg5 {White is slightly better.} Bxc5 {[#]} 9. Qd2 $146 ({Predecessor:} 9. Bxf6 gxf6 10. Qd2 Nd4 11. Nge2 O-O 12. Ng3 Qb6 13. Na4 Qb4 14. Nxc5 Nxc2+ 15. Kd1 Qxd2+ 16. Kxd2 Nxa1 {1-0 (50) Sadhwani,R (1981)-Krallis,C (1859) Porto Carras 2015}) 9... Bb4 10. Nge2 d5 {...d4 is the strong threat.} 11. Bxf6 ({Of course not} 11. exd5 Nxd5 12. Rd1 Be6 $15) 11... d4 12. Bh4 (12. Bxg7 $16 Rg8 13. Bh6) 12... Be6 $11 {[#]} 13. a3 $1 {And now Qd1 would win.} dxc3 14. Nxc3 Bxc3 15. Qxc3 Qxc3+ 16. bxc3 f6 17. O-O-O Ke7 18. Bf2 $36 {[%mdl 2048] White has the initiative.} Rhd8 (18... Rhc8 $11) 19. Bb5 a6 20. Be2 Rxd1+ 21. Rxd1 Rd8 22. Rh1 Nb8 23. Be3 Rc8 24. Kd2 Nd7 25. Rb1 Rc7 26. h4 g6 27. g4 Nb8 28. g5 f5 29. exf5 Bxf5 30. Bd3 Ke6 31. Bb6 Rd7 32. Ke3 Bxd3 33. cxd3 $16 {[%mdl 4096] Endgame KRB-KRN} Nc6 34. Ke4 Ne7 35. Bf2 Nd5 {[#] Loses the game.} (35... b5 $16 {might work better.}) 36. Rb3 $1 $18 Ne7 (36... b5 $142 37. Bg3 Nb6 38. Bxe5 Na4) 37. Rb6+ Nc6 38. Bg3 Kf7 39. Bxe5 Nxe5 40. Kxe5 Rxd3 41. Rxb7+ {KR-KR} Kg8 42. f4 (42. c4 $142) 42... Rxc3 43. Rb6 Rc5+ 44. Ke6 Ra5 $2 (44... Rc4 $18 45. f5 (45. Rxa6 Re4+ 46. Kd6 Rxf4 $18) 45... gxf5) 45. h5 {White mates.} Rxa3 46. Rb8+ Kg7 47. h6# {Weighted Error Value: White=0.19/Black=0.43} 1-0

[Event "Galicia-ch U18 2021"]
[Site "Padron"]
[Date "2021.04.04"]
[Round "7.4"]
[White "Diaz Gomez, Mateo"]
[Black "Martinez Montes, Juan Manuel"]
[Result "1/2-1/2"]
[WhiteElo "1776"]
[BlackElo "1873"]
[Annotator "NA RC"]
[PlyCount "85"]
[EventDate "2021.04.02"]
[EventType "swiss"]
[EventCountry "ESP"]
[SourceTitle "playchess.com"]
[Source "ChessBase"]
[SourceQuality "1"]
[TimeControl "5400+30"]

1. e4 {[%emt 0:00:00]} c5 {[%emt 0:00:00]} 2. Nc3 {[%emt 0:00:00]} d6 {[%emt 0:00:00]} 3. d4 {[%emt 0:00:01]} cxd4 {[%emt 0:00:00]} 4. Qxd4 {[%emt 0:00:03]} Nc6 {[%emt 0:00:42]} 5. Qd2 $11 {[%emt 0:00:09]} Nf6 {[%emt 0:00:40]} 6. b3 {[%emt 0:00:38]} g6 {[%emt 0:00:19]} 7. Bb2 {[%emt 0:01:06]} Bg7 {[%emt 0:00:11]} 8. O-O-O {[%emt 0:00:18]} a6 {[%emt 0:01:27]} 9. f3 {[%emt 0:01:19]} O-O {[%emt 0:00:43]} 10. Kb1 {[%emt 0:01:51]} b5 {[%emt 0:03:17]} 11. g4 {[%emt 0:02:56]} Be6 {[%emt 0:07:16]} 12. g5 {[%emt 0:09:03]} Nd7 {[%emt 0:00:52]} 13. h4 {[%emt 0:06:08]} Qa5 {[%emt 0:08:26]} 14. h5 {[%emt 0:11:40]} Rfc8 {[%emt 0:00:45]} 15. Nd5 {[%emt 0:07:15]} Qxd2 {[%emt 0:03:06]} 16. Rxd2 {[%emt 0:00:04]} gxh5 {[%emt 0:07:32]} 17. Bxg7 {[%emt 0:02:51]} Kxg7 {[%emt 0:00:17]} 18. Rxh5 {[%emt 0:01:22]} Bxd5 {[%emt 0:01:02]} 19. exd5 {[%emt 0:01:22]} Nce5 {[%emt 0:01:18]} 20. Rdh2 {[%emt 0:05:15]} Nf8 {[%emt 0:01:14]} 21. f4 {[%emt 0:01:20]} Neg6 {[%emt 0:00:18]} 22. Ne2 {[%emt 0:00:46]} Rc5 {[%emt 0:01:51]} 23. Bg2 {[%emt 0:01:06]} Rac8 {[%emt 0:01:08]} 24. Be4 {[%emt 0:05:38]} e6 {[%emt 0:03:22]} 25. dxe6 {[%emt 0:03:21]} fxe6 {[%emt 0:03:55]} 26. R5h3 {[%emt 0:09:15]} R8c7 {[%emt 0:02:00]} 27. Bxg6 {[%emt 0:07:27]} hxg6 {[%emt 0:00:20]} 28. Nc1 {[%emt 0:02:34]} Rf5 {[%emt 0:00:43]} 29. Nd3 {[%emt 0:00:11]} e5 {[%emt 0:00:14]} 30. fxe5 {[%emt 0:03:32]} dxe5 {[%emt 0:00:23]} 31. Re3 {[%emt 0:02:15]} Rxg5 {[%emt 0:03:14]} 32. Nxe5 {[%emt 0:01:55]} Re7 {[%emt 0:01:03]} 33. Rhe2 {[%emt 0:00:11]} Rf5 {[%emt 0:00:53]} 34. c4 {[%emt 0:00:54]} bxc4 {[%emt 0:00:44]} 35. bxc4 {[%emt 0:00:50]} g5 {[%emt 0:02:44]} 36. c5 {[%emt 0:00:47]} Ng6 {[%emt 0:00:23]} 37. Nxg6 Rxe3 38. Rxe3 {[%emt 0:02:00]} Kxg6 {[%emt 0:00:34]} 39. Rc3 {[%emt 0:01:22]} Rf7 {[%emt 0:00:06]} 40. c6 {[%emt 0:00:29]} Rc7 {[%emt 0:00:06]} 41. Kc2 {[%emt 0:00:29]} Kf5 {[%emt 0:00:39]} 42. Kd3 {[%emt 0:00:39]} Ke5 {[%emt 0:01:23]} 43. Rc5+ {[%emt 0:05:03]} 1/2-1/2